The growth of biology; (Record no. 1787)

MARC details
000 -LEADER
fixed length control field 01204nam a22003371 4500
001 - CONTROL NUMBER
control field data
005 - DATE AND TIME OF LATEST TRANSACTION
control field 20260322212118.0
008 - FIXED-LENGTH DATA ELEMENTS--GENERAL INFORMATION
fixed length control field data
035 ## - SYSTEM CONTROL NUMBER
System control number 2162433
010 ## - LIBRARY OF CONGRESS CONTROL NUMBER
LC control number 25022141
035 ## - SYSTEM CONTROL NUMBER
-- (DLC) 25022141
040 ## - CATALOGING SOURCE
Original cataloging agency DLC/ICU
Transcribing agency ICU
Modifying agency DLC
050 00 - LIBRARY OF CONGRESS CALL NUMBER
Classification number QH15
Item number .L6
051 ## - LIBRARY OF CONGRESS COPY, ISSUE, OFFPRINT STATEMENT
Classification number QH15
Item number .L6 Copy 2
Copy information Copy 2.
100 1# - MAIN ENTRY--PERSONAL NAME
Personal name Locy, William A.
Fuller form of name (William Albert),
Dates associated with a name 1857-1924.
245 14 - TITLE STATEMENT
Title The growth of biology;
Remainder of title zoology from Aristotle to Cuvier, botany from Theophrastus to Hofmeister, physiology from Harvey to Claude Bernard,
Statement of responsibility, etc. by the late William A. Locy ...
260 ## - PUBLICATION, DISTRIBUTION, ETC.
Place of publication, distribution, etc. New York,
Name of publisher, distributor, etc. H. Holt and company,
Date of publication, distribution, etc. 1925.
300 ## - PHYSICAL DESCRIPTION
Extent xiv, 481 p.
Other physical details illus. (incl. ports.)
Dimensions 22 cm.
336 ## - CONTENT TYPE
Content type term text
Content type code txt
Source rdacontent
337 ## - MEDIA TYPE
Media type term unmediated
Media type code n
Source rdamedia
338 ## - CARRIER TYPE
Carrier type term volume
Carrier type code nc
Source rdacarrier
650 #0 - SUBJECT ADDED ENTRY--TOPICAL TERM
Topical term or geographic name entry element Natural history
General subdivision History.
650 #0 - SUBJECT ADDED ENTRY--TOPICAL TERM
Topical term or geographic name entry element Biology
General subdivision History.
650 #0 - SUBJECT ADDED ENTRY--TOPICAL TERM
Topical term or geographic name entry element Zoology
General subdivision History.
650 #0 - SUBJECT ADDED ENTRY--TOPICAL TERM
Topical term or geographic name entry element Botany
General subdivision History.
650 #0 - SUBJECT ADDED ENTRY--TOPICAL TERM
Topical term or geographic name entry element Physiology
General subdivision History.
906 ## - LOCAL DATA ELEMENT F, LDF (RLIN)
a 7
b cbc
c orignew
d u
e ocip
f 19
g y-gencatlg
991 ## -
-- c-GenColl
-- QH15
-- .L6
-- 00050455993
-- Copy 1
-- BOOKS
991 ## -
-- c-GenColl
-- QH15
-- .L6
-- Copy 2
-- BOOKS
Holdings
Withdrawn status Lost status Damaged status Not for loan Home library Current library Shelving location Date acquired Total checkouts Full call number Barcode Date last seen Price effective from Koha item type
        Franklin Franklin General stacks 22/03/2026   QH15 LOC-FRL-00023 22/03/2026 22/03/2026 Books